000
00315nam a2200145Ia 4500
999
_c
14080
_d
14080
003
OSt
005
20260413150046.0
008
260210s9999 xx 000 0 und d
020
_a
9783864074929
082
_a
747
100
_a
Konemann
245
0
_a
500 Tricks: Storage
260
_b
Konemann
942
_c
BDES
_2
ddc